| 000 | 00481cam a2200193ua 4500 | ||
|---|---|---|---|
| 020 | _a0-8247-0145-3 | ||
| 041 |
_aeng _h |
||
| 082 |
_a624.15136 _bSHE/SO |
||
| 100 | _aJie, Shen . | ||
| 245 |
_aSoil-machine interactions / _cShen Jie. _hTextual Documents |
||
| 250 |
_a1 / _b. |
||
| 260 |
_aNew York : _bMarcel Dekker Inc. , _c1998. |
||
| 300 | _a333 ; . | ||
| 500 | _a**Reference | ||
| 504 | _a | ||
| 700 | 1 | _aRadhey Lal, Kushwaha . | |
| 942 | _cBK | ||
| 999 |
_c11198 _d11198 |
||